000 00347nam a2200133Ia 4500
008 231129s9999||||xx |||||||||||||| ||spa||
020 _a84-254-1160-2
040 _bspa
082 _a150.198 R721a
100 _aRogoll Rudiger
245 0 _aEl analisis transaccional
264 _aHerder
942 _2ddc
_cBKS
999 _c10189
_d10189